近畿日本鉄道 開業当時の社名 - Statistics

General Stats
  • This quiz has been taken 142 times
  • The average score is 16 of 32
Answer Stats
路線 区間 社名 % Correct
大阪線 桜井 - 伊勢中川 参宮急行電鉄
85%
名古屋線 伊勢中川 - 江戸橋 参宮急行電鉄
85%
山田線 全線 参宮急行電鉄
85%
奈良線 全線 大阪電気軌道
83%
橿原線 全線 大阪電気軌道
83%
大阪線 大阪上本町 - 桜井 大阪電気軌道
83%
信貴線 全線 大阪電気軌道
83%
生駒鋼索線 宝山寺 - 生駒山上 大阪電気軌道
83%
難波線 全線 近畿日本鉄道
79%
けいはんな線 全線 近畿日本鉄道
79%
鈴鹿線 鈴鹿市 - 平田町 近畿日本鉄道
79%
鳥羽線 全線 近畿日本鉄道
79%
南大阪線 大阪阿部野橋 - 道明寺 大阪鉄道
57%
南大阪線 古市 - 橿原神宮前 大阪鉄道
57%
京都線 全線 奈良電気鉄道
51%
名古屋線 桑名 - 近鉄名古屋 関西急行電鉄
50%
田原本線 全線 大和鉄道
45%
名古屋線 江戸橋 - 桑名 伊勢鉄道
38%
鈴鹿線 伊勢若松 - 鈴鹿市 伊勢鉄道
38%
志摩線 全線 志摩電気鉄道
29%
生駒線 信貴山下 - 生駒 信貴生駒電鉄
22%
長野線 富田林 - 河内長野 河南鉄道
22%
天理線 全線 天理軽便鉄道
20%
南大阪線 道明寺 - 古市 河陽鉄道
19%
道明寺線 全線 河陽鉄道
19%
長野線 古市 - 富田林 河陽鉄道
19%
生駒線 王寺 - 信貴山下 信貴生駒電気鉄道
15%
生駒鋼索線 鳥居前 - 宝山寺 生駒鋼索鉄道
15%
湯の山線 全線 四日市鉄道
14%
吉野線 吉野口 - 六田 吉野軽便鉄道
14%
西信貴鋼索線 全線 信貴山電鉄
14%
御所線 全線 南和電気鉄道
13%
No matching quizzes found
Score Distribution
Percent of People with Each Score
Percentile by Number Answered
Your Score History
You have not taken this quiz